000 00817nam a22002297a 4500
003 OSt
005 20170523020005.0
008 130319b xxu||||| |||| 00| 0 eng d
040 0 0 _aAIU Library - Kenya
_cAIU Library - Kenya
_dAIU Library - Kenya
050 1 4 _aPL 8026.N44
_bC37 2012
100 1 0 _aChristian, Alomofor.
245 _aNominalisation & borrowing as Awing word formation strategies
_cby Alomofor Christian.
260 _a[Nairobi, Kenya]
_c2012
300 _axii, 61 p.;
490 _aThesis (M.A. Translation Studies) – Africa International University (Kenya)
500 _aThesis (M.A. Translation Studies) – AIU, Nairobi, 2012.
504 _aIncludes bibliography.
650 _aAwing
_xAfrican language.
650 _aLinguistics.
_9383
650 _aWord formation.
942 _2lcc
_cREF
_02
999 _c56726
_d56700